000 01275nam a2200373 i 4500
001 11151
003 KOSZ 005
005 20230223100154.0
008 071128s1967 pl a f 000 0 pol
015 _aPB 1968/1903
040 _aWA N
_cWA N
_dKOSZ 005/RW
080 _a624.9
080 _a691
080 _a692
100 1 _aLewicki, Bohdan
_d(1921-2012)
_eAutor
245 1 0 _aPłyty stropowe i dachowe z betonów lekkich /
_cBohdan Lewicki.
250 _aWyd. 2 popr. i uzup.
260 _aWarszawa :
_bWydawnictwo Czasopism Technicznych NOT :
_b"Arkady",
_c1967.
300 _a131, [1] s. :
_bil. ;
_c23 cm.
336 _2rdacontent
_aTekst
_btxt
337 _2rdamedia
_aBez urządzenia pośredniczącego
_bn
338 _2rdacarrier
_aWolumin
_bnc
380 _aKsiążki.
490 1 _aBiblioteka Inżynierii i Budownictwa ;
_v8.
504 _aBibliogr. s. 128-[132].
650 4 _aBeton lekki
650 4 _aDach
650 4 _aStropy
658 _aArchitektura i budownictwo
710 2 _aWydawnictwo Arkady
_4pbl.
830 0 _aBIB Biblioteka Inżynierii i Budownictwa
_v8
856 _uhttp://koha.tu.koszalin.pl/cgi-bin/koha/opac-detail.pl?biblionumber=11151
_yKatalog online BPK
942 _2UKD
_cKS
999 _c11151
_d11151